| 000 -LEADER |
| fixed length control field |
00629cam a22001217a 4500 |
| 008 - FIXED-LENGTH DATA ELEMENTS--GENERAL INFORMATION |
| fixed length control field |
180718b2002 xxu||||| |||| 00| 0 eng d |
| 082 ## - DEWEY DECIMAL CLASSIFICATION NUMBER |
| Classification number |
L243x54 D628 |
| 245 ## - TITLE STATEMENT |
| Title |
Income tax guide for non-residents and Indian nationals abroad: assessment year 2001-2002 |
| Statement of responsibility, etc. |
by Directorate of Income Tax (research, statistics, Publications and Public Relations) |
| 260 ## - PUBLICATION, DISTRIBUTION, ETC. |
| Place of publication, distribution, etc. |
New Delhi |
| Name of publisher, distributor, etc. |
Directorate of Income Tax (Research, Statistics, Publications and Public Relations) |
| Date of publication, distribution, etc. |
2002 |
| 300 ## - PHYSICAL DESCRIPTION |
| Extent |
121p. |
| 440 ## - SERIES STATEMENT/ADDED ENTRY--TITLE |
| Title |
Tax payers information series - 22 |
| 700 ## - ADDED ENTRY--PERSONAL NAME |
| Personal name |
India. Directorate of Income Tax (Research, Statistics, Publications and Public Relations) |